000 01201cam a22002291 4500
082 _a967.61
_bJOH
100 1 _aJohnston, Harry Hamilton,
_950150
245 1 4 _aThe Uganda protectorate;
_ban attempt to give some description of the physical geography, botany, zoology, anthropology, languages and history of the territories under British protection in East Central Africa, between the Congo Free State and the Rift Valley and between the first degree of south latitude and the fifth degree of north latitude,
_cby Sir Harry Johnston.
250 _a2d ed.,
260 _aNew York,
_bDodd, Mead,
_c1904.
300 _a2 v.
_bcol. front., illus., col. plates, ports., fold. maps.
_c26 x 20 cm.
500 _aAppendix to chapter XIII "Anthropology" and to chapter XIV "Pygmies and forest negroes", by Dr. F. Shrubsall.
500 _aPaged continuously.
500 _aPrinted by Hazell, Watson, and Viney, ld., London and Aylesbury, England.
526 _a0
_b0
_c0
_d967_610000000000000_JOH
650 0 _aEthnology
_zUganda.
_950151
650 0 _aMCE
_9379
650 0 _aNatural history
_zUganda.
_950152
650 0 _aOkapi.
_950153
856 4 1 _uhttp://hdl.loc.gov/loc.wdl/wdl.2561
942 _2ddc
_cBK
999 _c552883
_d552883